Statystyki dla Państwa z największą liczbą owiec

Kliknij tutaj aby rozwiązać quiz!

Ogólne statystyki

  • Ten quiz został rozwiązany 11 564 razy
    (5 081 od ostatniego zresetowania)
  • Średni wynik to 11 z 20

Statystyki odpowiedzi

OwceKraj% Poprawnych
164 mlnChiny
89%
21,1 mlnRosja
85%
74,3 mlnIndie
81%
65,8 mlnAustralia
73%
19,7 mlnBrazylia
71%
26,8 mlnNowa Zelandia
64%
33,6 mlnWielka Brytania
63%
32,3 mlnMongolia
59%
22,1 mlnPołudniowa Afryka
58%
35,2 mlnTurcja
55%
41,3 mlnIran
54%
30,9 mlnPakistan
53%
46,9 mlnNigeria
44%
29,4 mlnAlgieria
41%
21,6 mlnMaroko
40%
40,9 mlnSudan
37%
31,8 mlnEtiopia
35%
27,4 mlnKenia
35%
35,9 mlnCzad
30%
19,2 mlnMali
26%

Rozkład punktacji

Percentyl według liczby udzielonych odpowiedzi

Procent ludzi z każdym wynikiem

Twoja historia wyników

Nie rozwiązałeś tego quizu od ostatniego zresetowania